Essential writings of Sudhir Kakar (Record no. 396266)

000 -LEADER
fixed length control field 00500cam a22001697a 4500
008 - FIXED-LENGTH DATA ELEMENTS--GENERAL INFORMATION
fixed length control field 180718b2001 xxu||||| |||| 00| 0 eng d
020 ## - INTERNATIONAL STANDARD BOOK NUMBER
International Standard Book Number 0195651499
082 ## - DEWEY DECIMAL CLASSIFICATION NUMBER
Classification number B11x54 K123
100 ## - MAIN ENTRY--PERSONAL NAME
Personal name Vaidyanathan, T.G.
245 ## - TITLE STATEMENT
Title Essential writings of Sudhir Kakar
Statement of responsibility, etc. by T.G. Vaidyanathan
260 ## - PUBLICATION, DISTRIBUTION, ETC.
Place of publication, distribution, etc. New Delhi
Name of publisher, distributor, etc. Oxford Univ. Press
Date of publication, distribution, etc. 2001
300 ## - PHYSICAL DESCRIPTION
Extent 397p.
650 ## - SUBJECT ADDED ENTRY--TOPICAL TERM
Topical term or geographic name entry element Culture - India
650 ## - SUBJECT ADDED ENTRY--TOPICAL TERM
Topical term or geographic name entry element Psychology
650 ## - SUBJECT ADDED ENTRY--TOPICAL TERM
Topical term or geographic name entry element Kakar, Sudhir - Criticism and interpretation
650 ## - SUBJECT ADDED ENTRY--TOPICAL TERM
Topical term or geographic name entry element Psycho - analysis
Holdings
Withdrawn status Lost status Damaged status Not for loan Permanent Location Current Location Date acquired Full call number Barcode Date last seen Price effective from Koha item type
        Indian Institute of Public Administration Indian Institute of Public Administration 2001-03-19 B11x54 K123 76586 2018-07-21 2018-07-21 Book

Powered by Koha